Normal view MARC view

Entry Topical Term

Number of records used in: 2

001 - CONTROL NUMBER

  • control field: 1236084

003 - CONTROL NUMBER IDENTIFIER

  • control field: OSt

005 - DATE AND TIME OF LATEST TRANSACTION

  • control field: 20260430110632.0

008 - FIXED-LENGTH DATA ELEMENTS

  • fixed length control field: 260430|| aca||aabn | a|a d

040 ## - CATALOGING SOURCE

  • Original cataloging agency: OSt
  • Transcribing agency: OSt

150 ## - HEADING--TOPICAL TERM

  • Topical term or geographic name entry element: Root locus techniques

670 ## - SOURCE DATA FOUND

  • Source citation: Work cat.: (OSt)1843616: Nise, Norman S. 1114012 author, Control Systems Engineering, "2024."
Copyright @ Delhi University Library System